000 00407nam a2200133Ia 4500
008 231017s9999 xx 000 0 und d
082 _a625.8
082 _bMAD
245 0 _aDevelopment of empirical-mechanistic pavement performance models using data from the Washington state PMS Data base
245 0 _cUniversity of California
260 _bUniversity of California
300 _c30cm
942 _cREP
999 _c606324
_d606324